Top 20 Fiumi più lunghi d'Europa - Statistics

Statistiche generali
  • Questo quiz è stato fatto 86 volte
  • Il punteggio medio è 6 su 20
Statistiche sulle risposte
Lunghezza (km) Nazioni attraversate Fiume % Corretto
2 858 Germania, Austria, Slovacchia, Ungheria, Croazia, Serbia, Romania, Bulgaria, Ucraina, Moldavia Danubio
97%
3 531 Russia Volga
91%
1 320 Svizzera, Liechtenstein, Austria, Germania, Francia, Paesi Bassi Reno
80%
1 020 Francia Loira
71%
1 870 Russia Don
55%
2 201 Russia, Kazakistan, Ucraina Dnepr-Nipro
47%
1 047 Polonia Vistola
45%
2 428 Russia, Kazakistan Ural
44%
1 165 Repubblica Ceca, Germania Elba
33%
1 370 Ucraina, Moldova Dnestr/Nistro
28%
1 809 Russia Pečora
15%
1 805 Russia Kama
8%
1 302 Russia Dvina Settentrionale
7%
1 130 Russia, Ucraina Desna
5%
1 053 Russia, Ucraina Donec
4%
1 020 Russia, Bielorussia, Lettonia Dvina Occidentale-Daugava
4%
1 480 Russia Oka
4%
1 314 Russia Vjatka
4%
1 130 Russia Vyčegda
4%
1 430 Russia Balaja
3%
Nessun quiz corrispondente trovato
Distribuzione punteggi
Percentuale di utenti per punteggio
Percentile per numero di risposta
I tuoi punteggi nel tempo
Non hai fatto questo quiz